| 000 | 01323nam a2200349 c 4500 | ||
|---|---|---|---|
| 003 | BLK | ||
| 005 | 20250618092431.0 | ||
| 008 | 180408b bul|||||r ||||||| ||bul|| | ||
| 020 | _a9789542608097 | ||
| 040 | _aBLK | ||
| 041 |
_aBUL _cBUL |
||
| 080 |
_aПортугалска литература _b821.134.3 _x-312.4 _z821.134.3-312.4 |
||
| 100 | 1 |
_aСантуш, Жозе Родригеш душ _eпърви автор _9266382 |
|
| 139 |
_aСантуш, Жозе Родригеш душ _bС 18 |
||
| 245 | 1 | 0 |
_aКодекс 632 _bРоман _cЖозе Родригеш душ Сантуш; прев. от португ. Йорданка Велинова ду Насименто. |
| 257 | _aPG | ||
| 260 |
_bХермес _c2009 _fХасково : Полиграфюг _aПловдив |
||
| 300 |
_a480 с. _c21 см |
||
| 380 | _aX | ||
| 500 | _aОриг. загл. O Codex 632 / Jose Rodrigues dos Santos. - Доп. тир. 2024 | ||
| 653 | _aтрилъри | ||
| 653 | _aромани | ||
| 700 |
_aНасименто, Йорданка Велинова ду _9266383 |
||
| 852 | _aЦб 246209 | ||
| 856 | 4 | _qpdf | |
| 856 | 4 | _qpdf | |
| 942 |
_cKNG _n0 _025 |
||
| 944 |
_aCR _c09.12.2009 _lМинев Младен _k30530 |
||
| 944 |
_aED _c11.10.2012 _lф / |
||
| 999 |
_c88302 _d88302 |
||
| 999 | _d88302 | ||
| 999 | _d88302 | ||